00438nam a2200181Ia 4500008004100000020001800041050001400059100001600073245003500089245001900124260001500143260003000158260000900188300001400197300002700211300001000238500000800248170918s9999 xx 000 0 und d a9780062185105 bC278 1976 aCarle, Eric aDo you want to be my friend? / cby Eric Carle. aNew York : bHarperCollins Publishers, c1976 aunpaged : bcolored illustration ; c13cm. a200